Most Central US States - Statistics

General Stats
  • This quiz has been taken 1,834 times
  • The average score is 14 of 18
Answer Stats
State % Correct
Kansas
96%
Colorado
91%
Kentucky
89%
Nebraska
89%
Iowa
88%
Missouri
87%
Oklahoma
87%
Tennessee
87%
Arkansas
86%
Indiana
86%
Illinois
85%
Ohio
85%
Wyoming
84%
South Dakota
82%
West Virginia
71%
Virginia
53%
North Carolina
45%
Maryland
40%
No matching quizzes found
Score Distribution
Percent of People with Each Score
Percentile by Number Answered
Your Score History
You have not taken this quiz